000 00499nam a22001937a 4500
005 20251108174738.0
008 250721s2002 xx 000 0 eng d
020 _a158485488X
082 1 4 _aJ/F/STE
100 1 _aSteiner, Barbara
_eAUTH.
245 1 0 _aMystery At Chilkoot Pass /
264 1 _aNEWYORK :
_bAmerican Girl,
_c2002.
300 _a162 P.
650 1 7 _aFICTION
650 1 7 _aCHILDREN
653 _aناشئون صغار ( 10 - 14 سنة )
942 _2ddc
_cBK
999 _c116956
_d116956